000 00449cam a2200181 4500
001 D3523
008 090401t1980 xxu||||| |||| 00| 0 eng d
035 _a(Sirsi) u73594
041 _aeng
050 _a333.33091
110 _aEstates Times Review
_9303
245 _aInternational property
260 _aLondon
_bMorgan-Grampian (Construction Press) Ltd
_c1980
300 _a66p. ill. 28cm
350 _a2
942 _n0
948 _c04/03/1997
999 _c95640
_d95640